Development of Medicine (Record no. 3955)
[ view plain ]
| 000 -LEADER | |
|---|---|
| fixed length control field | 01324cam a22002054a 4500 |
| 005 - ΗΜΕΡΟΜΗΝΙΑ ΚΑΙ ΩΡΑ ΤΕΛΕΥΤΑΙΑΣ ΕΝΗΜΕΡΩΣΗΣ | |
| Πεδίο ελέγχου | 20250605164130.0 |
| 008 - FIXED-LENGTH DATA ELEMENTS--GENERAL INFORMATION | |
| Πεδίο ελέγχου σταθερού μήκους | 250528s ||||||||||||||||||||||||d |
| 035 ## - SYSTEM CONTROL NUMBER | |
| System control number | 18606 |
| 020 ## - ISBN | |
| ISBN | 715726854 |
| 040 ## - ΠΗΓΗ ΚΑΤΑΛΟΓΟΓΡΑΦΗΣΗΣ | |
| Φορέας πρωτότυπης καταλογογράφησης | MC Athens Campus Library |
| Γλώσσα καταλογογράφησης | Ελληνικά, Μοντέρνα (1453-) |
| Modifying agency | MC Athens Campus Library |
| Κανόνες περιγραφικής καταλογογράφησης | AACR2 |
| 245 1# - ΤΙΤΛΟΣ ΚΑΙ ΔΗΛΩΣΗ ΥΠΕΥΘΥΝΟΤΗΤΑΣ | |
| Τίτλος | Development of Medicine |
| 260 ## - PUBLICATION, DISTRIBUTION, ETC. | |
| Date of publication, distribution, etc. | 1988 |
| 300 ## - PHYSICAL DESCRIPTION | |
| Extent | 96 |
| 520 ## - SUMMARY, ETC. | |
| Summary, etc. | This book provides an empathetic approach to the major changes, developments and trends, and the long-term causes and consequences of change in medicine. What is Medicine?, Medicine in the Stone Ages: Interpreting and Evaluating Evidence, Ancient Egypt and Other Civilizations: A Study in Empathy - Cause and Effect, Ancient Greece: The Importance of Individual People in Medical Progress, The Romans: A Study in Change, The Dark Ages: A Study in Reliability and Bias and the Evaluation of Evidence, The Middle Ages - Epidemics and Disease: A Study in Empathy, The Renaissance: A Study in Continuity, Science Improves: A Study in Change and Its Importance, Fighting Disease: Chance and Experimentation, Better Surgery: A Study in the Role of the Individual, Hospitals and Nursing: A Study in Continuity, Public Health: A Study in Change, Acknowledgements. |
| 700 1# - ΠΡΟΣΘΕΤΗ ΑΝΑΓΡΑΦΗ--ΦΥΣΙΚΟ ΠΡΟΣΩΠΟ | |
| Personal name | Holmes Mcdougall |
| 9 (RLIN) | 2272 |
| 700 1# - ΠΡΟΣΘΕΤΗ ΑΝΑΓΡΑΦΗ--ΦΥΣΙΚΟ ΠΡΟΣΩΠΟ | |
| Personal name | Hughes Alison |
| 9 (RLIN) | 4870 |
| 942 ## - ADDED ENTRY ELEMENTS (KOHA) | |
| Koha item type | Books |
| Τύπος τεκμηρίου | Βιβλιοθήκη | Τρέχουσα τοποθεσία | Barcode | Αριθμός εισαγωγής | Ημερομηνία απόκτησης | Ταξιθετικό σύμβολο | Αριθμός αντιτύπου | Κατάσταση απόσυρσης | Κατάσταση χαμένου | Κατάσταση κατεστραμμένου | Μη δανεισμός | Σύνολο δανεισμών | Ημερομηνία τελευταίας εμφάνισης | Η τιμή ισχύει από |
|---|---|---|---|---|---|---|---|---|---|---|---|---|---|---|
| Books | MC Athens Campus Library | MC Athens Campus Library | 9780000039545 | 3510 | 05/06/2025 | 610/.9 HUG | 1 | 05/06/2025 | 05/06/2025 |